00973nam a2200265 a 450000100060000000300080000600500170001400800410003103500190007204000230009104100080011408200220012224501310014426000380027530000340031350000960034750400300044360000300047365000170050365000130052070000260053370000530055970000220061271000730063450016BD-RjUL20211209075438.0160823s1965 enka b 010 0 eng d a(BD-RjUL)50136 aNUNbengcNUNdXSC aeng04a364220bCRI 196500aCriminology in transition :bessays in honour of Hermann Mannheim /cedited by Tadeusz Grygier, Howard Jones, John C. Spencer. aLondon :bTavistock Pubs.,c1965. axix, 308 p. :bill. ;c23 cm. a"Published under the auspices of the Institute for the Study and Treatment of Delinquency". aBibliography: p. 295-301.10aMannheim, Hermann,d1889- 0aCriminology. 0aPrisons.1 aJones, Howard,d1918-1 aSpencer, John C.q(John Carrington),d1915-1978.1 aGrygier, Tadeusz.2 aInstitute for the Study and Treatment of Delinquency (Great Britain)